|
|
|
|
| LEADER |
00892nam a2200193 a 4500 |
| 001 |
00021926 |
| 008 |
110208s2010 bg 000 0 ben |
| 040 |
|
|
|a BD-DhAAL
|c BD-DhAAL
|
| 082 |
0 |
0 |
|a 379.43095492
|2 22
|
| 245 |
0 |
0 |
|a জাতীয় শিক্ষানীতি ২০১০
|
| 260 |
|
|
|a ঢাকা :
|b শিক্ষা মন্ত্রণালয়,
|c ২০১০
|
| 300 |
|
|
|a ৭১ পৃ. ;
|c ২৪ সে.মি.
|
| 541 |
|
|
|e 00021926
|
| 650 |
|
0 |
|a Education and state
|z Bangladesh.
|
| 710 |
2 |
|
|a শিক্ষা মন্ত্রণালয়
|
| 710 |
2 |
|
|a গণপ্রজাতন্ত্রী বাংলাদেশ সরকার
|
| 852 |
4 |
|
|a Ayesha Abed Library
|j General shelf
|
| 999 |
|
|
|c 10442
|d 10442
|
| 952 |
|
|
|0 0
|1 0
|2 ddc
|4 0
|6 379_430954920000000_JAT
|7 0
|9 14363
|a BRACUL
|b BRACUL
|c GEN
|d 2011-02-13
|l 1
|o 379.43095492 JAT
|p 3010021926
|r 2013-03-06
|s 2013-02-25
|t 1
|w 2011-02-13
|y BK
|